000 00881nam a2200277Ia 4500
003 OSt
005 20220928130553.0
006 a|||||r|||| 00| 0
007 ta
008 220927b |||||||| |||| 00| 0 eng d
020 _c12512.424000000001
024 _a104299
037 _b61, 19/12/2009, Aviva Books Company
_cTextual
040 _aSDCL
_cSDCL
_beng
041 _2eng
_aeng
082 _aL11, P9
100 _aRajasekhar Vinagolu K Ed.
_9474679
245 0 _aRegulatory networks in stem cells.
260 _aNew York
_b Humana Press
_c2009
300 _axxi,601p.
_ccm.
490 _aStem cell biology and regenerative medicine.
650 _aBiochemistry
700 _a Vemuri Mohan C Ed.
_9474680
942 _hL11, P9
_cTEXL
_2CC
999 _c787243
_d787243